00628cas a22001937a 450000500170000000800410001701000100005801100100006802200140007803500100009224501010010226000890020330000070029231000180029936200220031765000450033986600160038486600340040020220329142356.0001016c es tr pernn 0 b1spa d a82591 a83563 a1130-6009 a9407600aITEA :bSerie Producción Animalc/por Asociación Interprofesional para el Desarrollo Agrario0 aZaragoza, España :bAsociación Interprofesional para el Desarrollo Agrario,c19- av. aCuatrimestral av. 95A n.3, 1999.14aGanaderíaxPublicaciones periódicas. a96 1 (2000) av.93 n.1-v.95 n.3 (1997-2000)